00938cam a22002654a 450000100090000000300050000900500170001400800410003101000170007202000280008904000180011704200080013505000240014308200190016724500920018626000350027830000410031344000610035450000080041550400510042365000450047465000220051970000420054185600890058311988351NUST20171204095051.0000427s2000 nyuab b 001 0 eng  a 00031593  a0824703324 (alk. paper) aDLCcDLCdDLC apcc00aTD879.H38bR44 200000a628.55 WIS22100aRemediation engineering of contaminated soils /cEdited by Donald L. Wise ... [et al.]. aNew York :bM. Dekker,cc2000. aviii, 996 p. :bill., maps ;c26 cm. 0aEnvironmental science and pollution control series ;v23 aH.B aIncludes bibliographical references and index. 0aHazardous wastesxEnvironmental aspects. 0aSoil remediation.1 aWise, Donald L.q(Donald Lee),d1937-423Publisher descriptionuhttp://www.loc.gov/catdir/enhancements/fy0647/00031593-d.html